00803nam a2200217 i 450000100060000000300090000600500170001500700030003200800410003502000180007608000280009410000280012224500810015026000480023130000210027950501120030060000250041271000510043774000350048885200620052311541ES-MaACL20230906150125.0t|921127s1991 sp |||| |bspa d a84-87319-58-0 a929 Torres Mena, José1 aSalas Parrilla, Miguel.10aBiografía de Don José Torres Mena / cescrita por Miguel Salas Parrilla. aCuenca : bDiputación Provincial, c1991. a65 p. ; c21 cm.8 aContiene: la reed. de la obra publicada en 1854 ; tLos dogmas de la revolución / rde José Torres Mena14aTorres Mena, José.1 aCuenca (Provincia). bDiputación Provincial.42aLos dogmas de la revolución. aES-MaACLjL-18858 z. - Dedicatoria autógrafa del autor